00688nam a2200181 a 450000100100000000500170001000800410002704000250006808200180009310000210011124500910013225000110022326000720023430000430030650000340034950000720038350000510045500002554020200930023849.0110217nuuuuuuuuag ad r 000 0 spa d aDO-SdBNPbspacBNPHU axxxxxxbR145h1 aRagucci, Rodolfo13aEl habla de mi tierra :blecciones práticas de lengua española /cRodolfo Ragucci. a8a ed. aBuenos Aires, Argentina :bSociedad Editora Internacional,c[19??]. axxiv, 619 p. :bil., diagrs. ;c20 cm. aIncluye índice de materias. aIncluye índice alfabético de autores de los trozos transcritos. aIncluye índice de los vocabularios en serie.